Jak se vyvíjí odměňování ve světě?

Odmeňovanie v krajinách eurozóny a v USA za posledný rok. Priemerné mzdy vo vyspelom svete. Rast významu variabilnej zložky mzdy.

Guardado en:
Detalles Bibliográficos
Autor principal: Urban, Jan
Formato: Capítulo de libro
Lenguaje:checo
Materias:
Etiquetas: Agregar Etiqueta
Sin Etiquetas, Sea el primero en etiquetar este registro!

MARC

LEADER 00000naa a2200000 4500
001 0142549
005 20231019115620.5
041 0 |a cze 
044 |a CZ 
245 1 0 |a Jak se vyvíjí odměňování ve světě?  |c Jan Urban 
520 |a Odmeňovanie v krajinách eurozóny a v USA za posledný rok. Priemerné mzdy vo vyspelom svete. Rast významu variabilnej zložky mzdy. 
610 2 0 |a odmeňovanie 
610 2 0 |a eurozóna 
610 2 0 |a krajiny vyspelé 
610 2 0 |a mzdy priemerné 
100 1 |a Urban, Jan